Faculty of Law Library — Cairo University

Official Online Catalog

Rules of national arbitral institutions / (Record no. 63993)

MARC details
000 -LEADER
fixed length control field 01287cam a2200349 i 4500
003 - CONTROL NUMBER IDENTIFIER
control field EG-GICUC
005 - DATE AND TIME OF LATEST TRANSACTION
control field 20260223091007.0
008 - FIXED-LENGTH DATA ELEMENTS--GENERAL INFORMATION
fixed length control field 260223m19989999nyu frb 000 0 eng d
040 ## - CATALOGING SOURCE
Original cataloging agency EG-GICUC
Transcribing agency EG-GICUC
Modifying agency EG-GICUC
Language of cataloging eng
Description conventions rda
082 04 - DEWEY DECIMAL CLASSIFICATION NUMBER
Edition number 21
Classification number 347.224
092 04 - LOCALLY ASSIGNED DEWEY CALL NUMBER (OCLC)
Edition number 21
099 ## - LOCAL FREE-TEXT CALL NUMBER (OCLC)
Classification number Law 12 1998
100 1# - MAIN ENTRY--PERSONAL NAME
Personal name Smit, Hans.
245 10 - TITLE STATEMENT
Title Rules of national arbitral institutions /
Statement of responsibility, etc. H. Smit, V. Pechota.
Number of part/section of a work Volume 1
264 ## - PRODUCTION, PUBLICATION, DISTRIBUTION, MANUFACTURE, AND COPYRIGHT NOTICE
Place of production, publication, distribution, manufacture [Yonkers, N.Y.] :
Name of producer, publisher, distributor, manufacturer Juris Pub. ;
Place of production, publication, distribution, manufacture [London] :
Name of producer, publisher, distributor, manufacturer Sweet & Maxwell,
Date of production, publication, distribution, manufacture, or copyright notice 1998-
300 ## - PHYSICAL DESCRIPTION
Extent 2 volumes (loose-leaf) ;
Dimensions 26 cm.
336 ## - CONTENT TYPE
Content type term text
Source rdacontent
337 ## - MEDIA TYPE
Media type term Computer
Source rdamedia
338 ## - CARRIER TYPE
Carrier type term Online Resource
Source rdacarrier
490 1# - SERIES STATEMENT
Series statement Parker school guidees to international arbitration.
500 ## - GENERAL NOTE
General note Volume 1 ( various paging )
504 ## - BIBLIOGRAPHY, ETC. NOTE
Bibliography, etc. note Includes bibliographical references.
650 #0 - SUBJECT ADDED ENTRY--TOPICAL TERM
Topical term or geographic name entry element Arbitration and award.
650 #0 - SUBJECT ADDED ENTRY--TOPICAL TERM
Topical term or geographic name entry element International commercial arbitration.
700 1# - ADDED ENTRY--PERSONAL NAME
Personal name Pěchota, Vratislav,
Relator term joint author.
710 ## - ADDED ENTRY--CORPORATE NAME
Corporate name or jurisdiction name as entry element Parker school of foreign and comparative law.
710 ## - ADDED ENTRY--CORPORATE NAME
Corporate name or jurisdiction name as entry element Columbia University.
785 00 - SUCCEEDING ENTRY
Title National arbitration laws.
Edition 2nd ed.
International Standard Book Number 9781929446827
Record control number (DLC) 2010217905
-- (OCoLC)608102154
856 40 - ELECTRONIC LOCATION AND ACCESS
Uniform Resource Identifier <a href="https://fll.law.cu.edu.eg/fulltext/bks/ENGB12-00001.pdf">https://fll.law.cu.edu.eg/fulltext/bks/ENGB12-00001.pdf</a>
905 ## - Cataloger and Reviser Names
Cataloger Name: Hend El khosy
942 ## - ADDED ENTRY ELEMENTS (KOHA)
Source of classification or shelving scheme Dewey Decimal Classification
Koha item type Books
Edition 21
Suppress in OPAC No
Holdings
Withdrawn status Lost status Source of classification or shelving scheme Materials specified (bound volume or other part) Damaged status Not for loan Collection Home library Current library Date acquired Total checkouts Full call number Barcode Date last seen Copy number Price effective from Koha item type Public note
    Dewey Decimal Classification V1     القانون الدولي الخاص جــــامعة القــاهرة مكتبة كلية الحقوق - المبنى الرئيسي 22.02.2026   Law1 12 347.224 SM . R 1998 1200003 V1 , C3 ENGB12-00003 22.02.2026 3 22.02.2026 Books 1156
    Dewey Decimal Classification V1     القانون الدولي الخاص جــــامعة القــاهرة مكتبة كلية الحقوق - فـرع الشيخ زايد 22.02.2026   Law2 12 347.224 SM . R 1998 1200001 V1 , C1 ENGB12-00001 22.02.2026 1 22.02.2026 Books 1151
    Dewey Decimal Classification V1     القانون الدولي الخاص جــــامعة القــاهرة مكتبة كلية الحقوق - فـرع الشيخ زايد 22.02.2026   Law2 12 347.224 SM . R 1998 1200002 V1 , C2 ENGB12-00002 22.02.2026 2 22.02.2026 Books 1154

© All rights reserved — Faculty of Law, Cairo University